| 000 | 00658nam a2200193Ia 4500 | ||
|---|---|---|---|
| 003 | LDD | ||
| 008 | 190117s9999 xx 000 0 und d | ||
| 020 |
_a8189914014 _c₹250 |
||
| 040 | _cLDD | ||
| 041 | _ahi | ||
| 082 | _a8H3.7 शा76गे | ||
| 100 | _aशाह, रमेशचन्द्र | ||
| 245 | 0 |
_aगेटकीपर _cरमेशचन्द्र शाह |
|
| 260 |
_aउत्तर प्रदेश _bरेमाधव पब्लिकेशन्स _c2007 |
||
| 300 | _a144पृ. | ||
| 901 | _aHBC | ||
| 904 | _aReqst by : Rita Rani Paliwal | ||
| 942 |
_2ddc _cH |
||
| 999 |
_c171643 _d171643 |
||